logo

Bir Sreshtho Munshi Abdur Rouf Library
Jhenaidah Cadet College

চরিত্রহীন / (Record no. 13630)

MARC details
000 -LEADER
fixed length control field 00729nam a2200229 a 4500
001 - CONTROL NUMBER
JCCL Control Number 13630
003 - CONTROL NUMBER IDENTIFIER
JCCL marc code BD-JhCC
005 - DATE AND TIME OF LATEST TRANSACTION
control field 20240312111920.0
008 - FIXED-LENGTH DATA ELEMENTS--GENERAL INFORMATION
fixed length control field 240312b20182023b |||| ||a| 001 0 b d
020 ## - INTERNATIONAL STANDARD BOOK NUMBER
International Standard Book Number 978984900781757
035 ## - SYSTEM CONTROL NUMBER
system control number (BD-JhCC)13630
040 ## - CATALOGING SOURCE
Original cataloging agency BD-JhCC
Modifying agency BD-JhCC
041 ## - LANGUAGE CODE
Language code of Book bengali
082 ## - DEWEY DECIMAL CLASSIFICATION NUMBER
Classification number 891.443
Author mark and Year CHA 2023
100 ## - MAIN ENTRY--PERSONAL NAME
Personal name চট্টোপাধ্যায়, শরৎচন্দ্র
245 ## - TITLE STATEMENT
Title চরিত্রহীন /
Remainder of title শরৎচন্দ্র চট্টোপাধ্যায়,
260 ## - PUBLICATION, DISTRIBUTION, ETC. (IMPRINT)
Place of publication, distribution, etc ঢাকা:
Name of publisher, distributor, etc সুচয়নী পাবলিশার্স;
Date of publication, distribution, etc 2023.
300 ## - PHYSICAL DESCRIPTION
Pagination 286 p. :
Dimensions 22 cm.
650 ## - SUBJECT ADDED ENTRY--TOPICAL TERM
Topical term or geographic name as entry element Bengali Novel
942 ## - ADDED ENTRY ELEMENTS (KOHA)
Source of classification or shelving scheme Dewey Decimal Classification
Koha item type Books
Holdings
Source of classification or shelving scheme Damaged status Not for loan Home library Current library Shelving location Date of accession Cost, normal purchase price Total Checkouts Full call number Barcode Date last seen Date checked out Copy number Method of acquisition Koha item type Currency Checked out Total Renewals
Dewey Decimal Classification     JCC Rouf Library JCC Rouf Library General Stacks   350.00 7 891.443 CHA 2023 19029 12/18/2025 11/09/2025 C-1 Purchase Books BDT    
Dewey Decimal Classification     JCC Rouf Library JCC Rouf Library     350.00 14 891.443 CHA 2023 19030 02/08/2026 01/25/2026 C-2 Purchase Books BDT    
Dewey Decimal Classification     JCC Rouf Library JCC Rouf Library     350.00 8 891.443 CHA 2023 19084 05/26/2025 05/26/2025 C-3 Purchase Books BDT 06/19/2025  
Dewey Decimal Classification     JCC Rouf Library JCC Rouf Library     350.00 10 891.443 CHA 2023 19085 02/05/2026 02/05/2026 C-4 Purchase Books BDT 03/03/2026 1

JCC Library | Contacts | JCC Home

Last Update on 23 September 2017
Copyright @ 2017-2020 JCC Rouf Library
Rouf Library, Jhenidah Cadet College (JCC), Bangladesh